000 00353nam a2200133Ia 4500
008 231017s9999 xx 000 0 und d
082 _a388.4068322
082 _bMOO
245 0 _aTCRP Report 96: Determining Training for New Technologies: A Decision Game and Facilitation Guide
245 0 _cTRB
260 _bTRB
300 _c30cm
942 _cREP
999 _c604136
_d604136